10 days : (Record no. 342626)
[ view plain ]
| 000 -LEADER | |
|---|---|
| fixed length control field | 00474nam a2200205Ia 4500 |
| 008 - FIXED-LENGTH DATA ELEMENTS--GENERAL INFORMATION | |
| fixed length control field | 170918s9999 xx 000 0 und d |
| 020 ## - INTERNATIONAL STANDARD BOOK NUMBER | |
| International Standard Book Number | 9780545437462 |
| 050 ## - LIBRARY OF CONGRESS CALL NUMBER | |
| Item number | C684 2009 |
| 100 ## - MAIN ENTRY--PERSONAL NAME | |
| Personal name | Colbert, David |
| 245 ## - TITLE STATEMENT | |
| Title | 10 days : |
| 245 ## - TITLE STATEMENT | |
| Remainder of title | Abraham Lincoln / |
| 245 ## - TITLE STATEMENT | |
| Statement of responsibility, etc | David Colbert. |
| 260 ## - PUBLICATION, DISTRIBUTION, ETC. (IMPRINT) | |
| Place of publication, distribution, etc | New York : |
| 260 ## - PUBLICATION, DISTRIBUTION, ETC. (IMPRINT) | |
| Name of publisher, distributor, etc | Scholastic, |
| 260 ## - PUBLICATION, DISTRIBUTION, ETC. (IMPRINT) | |
| Date of publication, distribution, etc | 2009 |
| 300 ## - PHYSICAL DESCRIPTION | |
| Extent | 154 pages : |
| 300 ## - PHYSICAL DESCRIPTION | |
| Other physical details | colored illustration ; |
| 300 ## - PHYSICAL DESCRIPTION | |
| Dimensions | 19cm. |
| 500 ## - GENERAL NOTE | |
| General note | 1110 |
| Withdrawn status | Lost status | Damaged status | Home library | Current library | Date acquired | Total Checkouts | Full call number | Barcode | Date last seen | Price effective from | Koha item type |
|---|---|---|---|---|---|---|---|---|---|---|---|
| Stonyhurst Southville International School (Malarayat) | Stonyhurst Southville International School (Malarayat) | 09/18/2017 | LEX C684 2009 | SSISM1698 | 09/18/2017 | 09/18/2017 | Lexile |